| 000 | 00339cam a22001217a 4500 | ||
|---|---|---|---|
| 008 | 180718b1968 xxu||||| |||| 00| 0 eng d | ||
| 082 | _aT3124 B322 | ||
| 245 |
_aDevelopment in manaement accountancy _cedited by J. Batty |
||
| 260 |
_aLondon _bHeinemann _c1968 |
||
| 300 | _a507p. | ||
| 650 | _aCorporations - Accounting | ||
| 700 | _aBatty, J. | ||
| 999 |
_c359165 _d359165 |
||